Statistics for Countries With 1 Type Of Vowels, But Multiple Vowels

Click here to take the quiz!

General Stats

  • This quiz has been taken 36 times
    (14 since last reset)
  • The average score is 13 of 19

Answer Stats

Countries% Correct
Japan
100%
Fiji
90%
Greece
90%
Ghana
80%
Malta
80%
Sweden
80%
Togo
80%
Yemen
80%
Canada
70%
Morocco
70%
Panama
70%
Rwanda
70%
Madagascar
60%
Comoros
50%
Kazakhstan
50%
Qatar
50%
Seychelles
50%
Myanmar
40%
Kosovo
30%

Score Distribution

Percentile by Number Answered

Percent of People with Each Score

Your Score History

You have not taken this quiz since the last reset